[Event "GER-chT U16"]
[Site "Uelzen"]
[Date "2007.12.27"]
[Round "1.4"]
[White "Allert, Maximilian"]
[Black "Hamm, Lukas"]
[Result "1-0"]
[WhiteElo "1742"]
[BlackElo "1472"]
[PlyCount "95"]
[EventDate "2007.12.27"]
[EventType "team-swiss"]
[EventRounds "7"]
[EventCountry "GER"]
[SourceTitle "EXT 2022"]
[Source "ChessBase"]
[SourceDate "2021.10.06"]
[SourceVersion "1"]
[SourceVersionDate "2021.10.06"]
[SourceQuality "1"]
[WhiteTeam "Chemnitz USG U16"]
[BlackTeam "Stuttgart Wolfbusch U16"]
[WhiteTeamCountry "GER"]
[BlackTeamCountry "GER"]

1. e4 e5 2. Nf3 Nc6 3. Bc4 Bc5 4. Nc3 d6 5. d3 Nf6 6. Bg5 Be6 7. Bb3 0-0 8. Nd5 Bxd5 9. Bxd5 Qe7 10. Nh4 Rab8 11. c3 Qd8 12. Qf3 a6 13. Nf5 Na7 14. Nh6+ Kh8 15. Nxf7+ Rxf7 16. Bxf7 Qe7 17. Bb3 Rf8 18. Qe2 Nc6 19. 0-0-0 Qe8 20. Rhf1 Qg6 21. Bxf6 Rxf6 22. g3 b5 23. Kb1 b4 24. f4 exf4 25. Rxf4 Rxf4 26. gxf4 Qf6 27. d4 Bb6 28. Qxa6 h6 29. Qa8+ Nd8 30. Qd5 Qf8 31. cxb4 c6 32. Qc4 Qe8 33. a4 Qxe4+ 34. Ka2 d5 35. Qa6 Bxd4 36. Qc8 Bf6 37. a5 Qxb4 38. a6 Qa5+ 39. Kb1 Qb6 40. Rd3 Kh7 41. Rg3 Qd4 42. Bc2+ Kh8 43. Qb8 Qc4 44. a7 Qf1+ 45. Ka2 Qc4+ 46. Rb3 Qxc2 47. a8Q Qxh2 48. Rd3 1-0

[Event "GER-chT U12"]
[Site "Verden an der Aller"]
[Date "2003.12.29"]
[Round "6.4"]
[White "Steinacker, Alex"]
[Black "Allert, Maximilian"]
[Result "1-0"]
[WhiteElo "935"]
[BlackElo "1315"]
[PlyCount "123"]
[EventDate "2003.12.27"]
[EventType "team-swiss"]
[EventRounds "7"]
[EventCountry "GER"]
[SourceTitle "EXT 2022"]
[Source "ChessBase"]
[SourceDate "2021.10.06"]
[SourceVersion "1"]
[SourceVersionDate "2021.10.06"]
[SourceQuality "1"]
[WhiteTeam "Waltershausen"]
[BlackTeam "Chemnitz USG"]
[WhiteTeamCountry "GER"]
[BlackTeamCountry "GER"]

1. e4 e5 2. Nf3 Nc6 3. Bb5 d6 4. c3 Bd7 5. d4 exd4 6. cxd4 Nf6 7. Nc3 a6 8. Ba4 b5 9. Bc2 Bg4 10. d5 Ne5 11. Bg5 Be7 12. Bf4 Nxf3+ 13. gxf3 Bd7 14. Rg1 Nh5 15. Bd2 0-0 16. f4 g6 17. Qxh5 Kh8 18. Qf3 c6 19. dxc6 Bxc6 20. Qe3 Qd7 21. Ne2 Bf6 22. Bc3 Bxc3+ 23. Qxc3+ Kg8 24. f5 Qe8 25. f3 Rc8 26. Qf6 Qd8 27. Qxd8 Rfxd8 28. h4 Be8 29. Bb3 Kg7 30. Nf4 Kf6 31. Nd5+ Kg7 32. h5 Rd7 33. hxg6 Rc6 34. f6+ Kh8 35. g7+ Kg8 36. Ne7+ Rxe7 37. fxe7 Rc7 38. Kf2 Rxe7 39. Rg2 Bd7 40. Rh1 Re8 41. Ke3 Bc6 42. Kd4 a5 43. Bc2 Ra8 44. Rg3 a4 45. e5 f5 46. exf6 Kf7 47. Bxh7 b4 48. g8Q+ Rxg8 49. Bxg8+ Kxf6 50. Rh6+ Ke7 51. Rg7+ Kf8 52. Rgg6 Be8 53. Rg5 b3 54. axb3 axb3 55. Bxb3 Ke7 56. Re6+ Kf8 57. Rf5+ Kg7 58. Rxe8 Kg6 59. Ke4 d5+ 60. Bxd5 Kg7 61. Rg8+ Kh6 62. b4 1-0

[Event "GER-chT U12"]
[Site "Verden an der Aller"]
[Date "2003.12.27"]
[Round "1.3"]
[White "Allert, Maximilian"]
[Black "Grimm, Pascal"]
[Result "0-1"]
[WhiteElo "1315"]
[BlackElo "1315"]
[PlyCount "142"]
[EventDate "2003.12.27"]
[EventType "team-swiss"]
[EventRounds "7"]
[EventCountry "GER"]
[SourceTitle "EXT 2022"]
[Source "ChessBase"]
[SourceDate "2021.10.06"]
[SourceVersion "1"]
[SourceVersionDate "2021.10.06"]
[SourceQuality "1"]
[WhiteTeam "Chemnitz USG"]
[BlackTeam "Postbauer Heng"]
[WhiteTeamCountry "GER"]
[BlackTeamCountry "GER"]

1. e4 c5 2. Nf3 Nc6 3. Nc3 g6 4. g3 Bg7 5. Bg2 d6 6. d3 Nf6 7. Be3 Rb8 8. Qd2 Ng4 9. 0-0 Nxe3 10. Qxe3 b5 11. Rab1 Bd7 12. Qd2 0-0 13. a3 Qc8 14. Rfe1 a6 15. Ne2 Bh3 16. Bh1 Bg4 17. c3 Bxf3 18. Bxf3 Ne5 19. Bg2 c4 20. d4 Nc6 21. d5 Na5 22. f4 Nb3 23. Qd1 Rd8 24. Kh1 Qc7 25. Nd4 Nxd4 26. cxd4 Qb6 27. e5 Kf8 28. Qd2 f6 29. Rbd1 Kf7 30. Qe3 Re8 31. b3 Rbc8 32. b4 Qc7 33. Qc3 Kf8 34. Bh3 Rcd8 35. Re2 Bh8 36. Rde1 dxe5 37. fxe5 Rxd5 38. exf6 Bxf6 39. Re4 Qa7 40. Qf3 Rxd4 41. Rxe7 Qxe7 42. Rxe7 Kxe7 43. Qb7+ Kf8 44. Bf1 Rd1 45. Kg2 Ree1 46. Qc8+ Kg7 47. Qc7+ Kh6 48. Qf4+ Kg7 49. Qc7+ Re7 50. Qc6 c3 51. a4 Red7 52. axb5 axb5 53. Bxb5 c2 54. Qxc2 R1d2+ 55. Qxd2 Rxd2+ 56. Kh3 Rb2 57. Bd7 Rxb4 58. Kg2 Kf7 59. h4 Ke7 60. Bc8 Kd6 61. Kh3 h5 62. Bb7 Rb3 63. Be4 Be5 64. Bxg6 Rxg3+ 65. Kh2 Rxg6+ 66. Kh1 Bd4 67. Kh2 Ke5 68. Kh3 Kf4 69. Kh2 Kf3 70. Kh3 Rg4 71. Kh2 Rxh4# 0-1